Statistics for Which Country is it In?

Click here to take the quiz!

General Stats

  • This quiz has been taken 54 times
  • The average score is 5 of 9

Answer Stats

Where is it?% Correct
Taj MahalIndia
98%
Eiffel Tower (EASY)France
94%
Pyramid of GizaEgypt
92%
ParthenonGreece
81%
Petronas TowersMalaysia
67%
Disney SeaJapan
23%
Dunmore CaveIreland
19%
Victoria PeakChina
15%
Teddy Bear Museum :DSouth Korea
8%

Score Distribution

Percentile by Number Answered

Percent of People with Each Score

Your Score History

You have not taken this quiz